Which MLB Team? (AL Central) Quiz Stats

 Plays Quiz not verified by Sporcle

Support Sporcle.
Go Orange.
Score 0/20 Timer 05:00
0 Plays Today
% Correct
Chicago White Sox
68.1%
Cleveland Indians
66.2%
Kansas City Royals
64.7%
Detroit Tigers
64.2%
Kansas City Royals
61.8%
Chicago White Sox
61.3%
Cleveland Indians
60.8%
Minnesota Twins
60.3%
Cleveland Indians
59.3%
Minnesota Twins
59.3%
% Correct
Detroit Tigers
57.4%
Chicago White Sox
54.9%
Chicago White Sox
53.9%
Detroit Tigers
53.9%
Detroit Tigers
51%
Minnesota Twins
49%
Kansas City Royals
46.6%
Minnesota Twins
31.9%
Cleveland Indians
25%
Kansas City Royals
25%

You're not logged in!

Compare scores with friends on all Sporcle quizzes.
OR
Log In

From the Vault

American Blanks

by sproutcm

Happy 236th birthday to the USA!
Remove Ads.
Support Sporcle.
Get the best of Sporcle when you Go Orange. This ad-free experience offers more features, more stats, and more fun while also helping to support Sporcle. Thank you for becoming a member.

Show Comments

Extras

Top Quizzes Today


Score Distribution

Your Account Isn't Verified!

In order to create a playlist on Sporcle, you need to verify the email address you used during registration. Go to your Sporcle Settings to finish the process.

Report this User

Report this user for behavior that violates our Community Guidelines.

Details: